书目信息 |
| 题名: |
数字图象处理
|
|
| 作者: | 余松煜 , 周源华 , 张瑞 编 | |
| 分册: | ||
| 出版信息: | 上海 上海交通大学出版社 2007 |
|
| 页数: | 392页 | |
| 开本: | 23cm | |
| 丛书名: | ||
| 单 册: | ||
| 中图分类: | TP14 | |
| 科图分类: | ||
| 主题词: | 数字图象--图象处理 , 数字图象 , 图象处理 | |
| 电子资源: | ||
| ISBN: | 9787313047014 | |
| 000 | 00910nam0 2200289 450 | |
| 001 | 012007492203 | |
| 005 | 20070516171924.90 | |
| 010 | @a9787313047014@dCNY43.00 | |
| 100 | @a20070515d2007 km y0chiy0120 ea | |
| 101 | 0 | @achi |
| 102 | @aCN@b310000 | |
| 105 | @aa z 000yy | |
| 106 | @ar | |
| 200 | 1 | @a数字图象处理@Ashu zi tu xiang chu li@f余松煜,周源华,张瑞编@Fyu song yu,zhou yuan hua,zhang rui bian |
| 210 | @a上海@c上海交通大学出版社@d2007 | |
| 215 | @a392页@c图@d23cm | |
| 300 | @a高等学校教材 | |
| 330 | @a本书包括数字图象基础,图象的正交变换,图象增强,图象数据压缩码,图象复原、图象分割、图象描述和运动图象分析等内容。 | |
| 606 | 0 | @a数字图象@x图象处理 |
| 606 | 0 | @a数字图象 |
| 606 | 0 | @a图象处理 |
| 690 | @aTP14@v4 | |
| 701 | 0 | @a余松煜@Ayu song yu@4编 |
| 701 | 0 | @a周源华@Azhou yuan hua@4编 |
| 701 | 0 | @a张瑞@Azhang rui@4编 |
| 801 | 0 | @aCN@bRULIN@c20070516 |
| 905 | @dTP14@e90@s8 | |
| 数字图象处理/余松煜,周源华,张瑞编.-上海:上海交通大学出版社,2007 |
| 392页:图;23cm |
| 高等学校教材 |
| ISBN 9787313047014:CNY43.00 |
| 本书包括数字图象基础,图象的正交变换,图象增强,图象数据压缩码,图象复原、图象分割、图象描述和运动图象分析等内容。 |
| ● |
| 相关链接 |
|
|
|
|
正题名:数字图象处理
索取号:TP14/90
 
预约/预借
| 序号 | 登录号 | 条形码 | 馆藏地/架位号 | 状态 | 备注 |
| 1 | 0571400 | 205714002 | 第二样本阅览室/ [索取号:TP14/90] | 在馆 | |
| 2 | 0571401 | 205714011 | 第三借阅区/ [索取号:TP14/90] | 在馆 | |
| 3 | 0571402 | 205714020 | 第三借阅区/ [索取号:TP14/90] | 在馆 | |
| 4 | 0571403 | 205714039 | 第三借阅区/ [索取号:TP14/90] | 在馆 | |
| 5 | 0571404 | 205714048 | 第三借阅区/ [索取号:TP14/90] | 在馆 | |
| 6 | 0571405 | 205714057 | 第三借阅区/ [索取号:TP14/90] | 在馆 | |
| 7 | 0571406 | 205714066 | 第三借阅区/ [索取号:TP14/90] | 在馆 | |
| 8 | 0571407 | 205714075 | 第三借阅区/ [索取号:TP14/90] | 在馆 |